[Event "XIX Festival B"]
[Site "Robecchetto con Induno ITA"]
[Date "2008.12.28"]
[Round "2"]
[White "Panades, Ignazio"]
[Black "Corti, Filippo"]
[Result "0-1"]
[WhiteElo "1584"]
[BlackElo "1706"]
[PlyCount "126"]
[EventDate "2008.12.27"]

1. d4 Nf6 2. Nf3 g6 3. e3 Bg7 4. Bd3 d5 5. Nbd2 Nbd7 6. c3 c5 7. O-O O-O 8. Re1
Qc7 9. e4 dxe4 10. Nxe4 Nxe4 11. Bxe4 Nf6 12. dxc5 Nxe4 13. Rxe4 Qxc5 14. Bg5
e6 15. Qb3 Bd7 16. Qxb7 Bc6 17. Qb4 Qf5 18. Rf4 Qd5 19. Qb3 Qa5 20. Be7 Rfe8
21. Bb4 Qc7 22. Qc4 Qd7 23. Ng5 Bd5 24. Rxf7 Qxf7 25. Nxf7 Bxc4 26. Nd6 Bd5 27.
Nxe8 Rxe8 28. a3 Bf8 29. f3 Rb8 30. Bxf8 Rxf8 31. b4 Rc8 32. Rc1 Kf7 33. Kf2
Rc4 34. Ke3 Kf6 35. Kd2 Ke7 36. Kc2 Kd6 37. Kb3 g5 38. Ka4 Rc7 39. Ka5 Bc4 40.
b5 Rb7 41. a4 Kc5 42. Re1 h6 43. Re5+ Kd6 44. Re4 Kc5 45. Rd4 Bd5 46. Ka6 Rc7
47. h3 Kd6 48. c4 Kc5 49. cxd5 Kxd4 50. dxe6 Ke5 51. a5 Kxe6 52. b6 axb6 53.
axb6 Rf7 54. b7 Rxb7 55. Kxb7 Kf5 56. g3 Ke5 57. Kc6 Kd4 58. f4 gxf4 59. gxf4
Ke4 60. f5 Kxf5 61. Kd6 Kf4 62. Ke6 h5 63. Kf6 h4 0-1

[Event "XIX Festival B"]
[Site "Robecchetto con Induno ITA"]
[Date "2008.12.28"]
[Round "2"]
[White "Primerano, Carlo"]
[Black "Rigotti, Gianluigi"]
[Result "1-0"]
[WhiteElo "1725"]
[BlackElo "1595"]
[PlyCount "55"]
[EventDate "2008.12.27"]

1. d4 Nf6 2. c4 e6 3. Nc3 c6 4. Bg5 Bb4 5. a3 Bxc3+ 6. bxc3 Qa5 7. Bd2 c5 8.
Qc2 b6 9. f3 d6 10. e4 Nbd7 11. Bd3 e5 12. Ne2 Bb7 13. O-O Bc6 14. f4 Qa4 15.
Qb1 Rb8 16. fxe5 dxe5 17. d5 Bb7 18. Qb5 Qxb5 19. cxb5 c4 20. Bc2 Nc5 21. Ng3
Bc8 22. Bg5 Ke7 23. Nh5 Ncd7 24. Nxg7 Kf8 25. Nf5 Ne8 26. Bh6+ Ng7 27. Bxg7+
Ke8 28. Bxh8 1-0

[Event "XIX Festival B"]
[Site "Robecchetto con Induno ITA"]
[Date "2008.12.28"]
[Round "2"]
[White "Puricelli, Giancarlo"]
[Black "Foroni, Francesco"]
[Result "0-1"]
[WhiteElo "1607"]
[BlackElo "1873"]
[PlyCount "74"]
[EventDate "2008.12.27"]

1. d4 Nf6 2. c4 e5 3. e3 exd4 4. exd4 Bb4+ 5. Bd2 Bxd2+ 6. Nxd2 O-O 7. Bd3 Re8+
8. Ne2 d5 9. O-O Nc6 10. c5 Bg4 11. f3 Qe7 12. Nb3 Qe3+ 13. Kh1 Nb4 14. Nec1
Bh5 15. a3 Nc6 16. Ne2 Bg6 17. Bxg6 Qxe2 18. Bc2 Qxd1 19. Raxd1 Re2 20. Na1 a5
21. Kg1 Rae8 22. b3 Nh5 23. g3 g6 24. Bb1 Ng7 25. g4 Ne6 26. Rf2 Nexd4 27. Nc2
Rxf2 28. Kxf2 Re2+ 29. Kf1 Rxh2 30. Nxd4 Rh1+ 31. Ke2 Rxd1 32. Kxd1 Nxd4 33.
Ba2 Nxf3 34. b4 axb4 35. Bxd5 bxa3 36. Kc1 Ne5 37. g5 Nd3+ 0-1

[Event "XIX Festival B"]
[Site "Robecchetto con Induno ITA"]
[Date "2008.12.28"]
[Round "2"]
[White "Ragoso, Mario"]
[Black "Zito, Riccardo"]
[Result "0-1"]
[WhiteElo "1845"]
[BlackElo "1575"]
[PlyCount "80"]
[EventDate "2008.12.27"]

1. d4 Nf6 2. c4 c5 3. d5 b5 4. cxb5 a6 5. bxa6 Bxa6 6. Nc3 d6 7. e4 Bxf1 8.
Kxf1 g6 9. g3 Bg7 10. Nf3 Nbd7 11. Kg2 O-O 12. a4 Ng4 13. Nd2 Nge5 14. Qe2 f5
15. Nc4 fxe4 16. Nxe5 Nxe5 17. Qxe4 Rf7 18. f4 Nd7 19. Rf1 Rf6 20. Re1 Bf8 21.
Bd2 Qb6 22. Nb5 Qb7 23. Bc3 Rf7 24. b3 Nf6 25. Qf3 Nxd5 26. Rad1 Rf5 27. Qe4
Bg7 28. Bxg7 Kxg7 29. g4 Nxf4+ 30. Kg3 Qxe4 31. Rxe4 Rd5 32. Rxe7+ Kg8 33. Rxd5
Nxd5 34. Rd7 Ne3 35. Rxd6 c4 36. Kf3 cxb3 37. Kxe3 Rxa4 38. Rd4 b2 39. Nc3 Ra3
40. Rd3 Rxc3 0-1

[Event "XIX Festival B"]
[Site "Robecchetto con Induno ITA"]
[Date "2008.12.28"]
[Round "2"]
[White "Recanatini, Italo"]
[Black "Clerici, Samuele"]
[Result "0-1"]
[WhiteElo "1897"]
[BlackElo "1728"]
[PlyCount "106"]
[EventDate "2008.12.27"]

1. e4 e5 2. Nf3 Nc6 3. Bb5 a6 4. Bxc6 dxc6 5. d4 exd4 6. Qxd4 Bg4 7. Qxd8+ Rxd8
8. Be3 Bxf3 9. gxf3 g6 10. Nd2 Bg7 11. c3 Ne7 12. O-O-O O-O 13. Bc5 Rfe8 14.
Bxe7 Rxe7 15. Nc4 Rf8 16. Rhe1 b6 17. Kc2 f5 18. Re2 fxe4 19. fxe4 Rf4 20. Nd2
Rh4 21. f3 Be5 22. Nc4 Rxh2 23. Rxh2 Bxh2 24. Kd3 Rd7+ 25. Ke2 Rxd1 26. Kxd1
Bf4 27. Ke2 h5 28. Kf2 Kf7 29. b3 Ke6 30. Nb2 Be5 31. Nd1 Kf6 32. c4 Kg5 33.
Kg2 Kf4 34. Nf2 Ke3 35. Nh3 b5 36. Ng5 bxc4 37. bxc4 Kd4 38. Ne6+ Kxc4 39. f4
Bd6 40. Kf3 a5 41. e5 Kd5 42. Nd8 Be7 43. Nf7 Ke6 44. Nh8 Kf5 45. Nf7 g5 46.
fxg5 Bxg5 47. e6 Be7 48. Nh6+ Kxe6 49. Ke4 h4 50. Nf5 c5 51. Ng7+ Kf7 52. Nf5
h3 53. Kf3 h2 0-1

[Event "XIX Festival B"]
[Site "Robecchetto con Induno ITA"]
[Date "2008.12.28"]
[Round "2"]
[White "Rossi, Giampiero"]
[Black "Epitome, Nando"]
[Result "1/2-1/2"]
[WhiteElo "1984"]
[BlackElo "1470"]
[PlyCount "90"]
[EventDate "2008.12.27"]

1. d4 d5 2. c4 e6 3. Nc3 Nf6 4. cxd5 exd5 5. Bg5 Be7 6. e3 Nbd7 7. Qc2 a6 8.
Nf3 b5 9. Bd3 Bb7 10. O-O O-O 11. Rfc1 Rc8 12. a4 b4 13. Na2 c5 14. Qe2 c4 15.
Bf5 g6 16. Bh3 Rc6 17. Qd1 a5 18. Ne5 Rb6 19. Nxd7 Nxd7 20. Bxe7 Qxe7 21. b3 c3
22. Rc2 Nf6 23. Nc1 Ba6 24. g3 Re8 25. Bg2 Ne4 26. Nd3 Bxd3 27. Qxd3 f5 28. Rd1
Kg7 29. Bxe4 Qxe4 30. Qxe4 Rxe4 31. Rd3 Rbe6 32. Kf1 g5 33. Ke2 f4 34. Kf3 fxg3
35. hxg3 h5 36. Rd1 Kg6 37. Ke2 g4 38. Kd3 Kg5 39. Rh1 Rf6 40. Rh2 Rh6 41. Rc1
Ree6 42. Rf1 Rhf6 43. Rfh1 Rh6 44. Re1 Re4 45. Rg1 Rhe6 1/2-1/2

[Event "XIX Festival B"]
[Site "Robecchetto con Induno ITA"]
[Date "2008.12.28"]
[Round "2"]
[White "Santarelli, Sabatino"]
[Black "Mondini, Francesco"]
[Result "1-0"]
[WhiteElo "1692"]
[BlackElo "1556"]
[PlyCount "67"]
[EventDate "2008.12.27"]

1. e4 e5 2. Bc4 Nf6 3. Nf3 Nc6 4. Nc3 Bc5 5. O-O d6 6. d3 h6 7. a3 a6 8. h3 O-O
9. b4 Ba7 10. Ne2 Be6 11. Bxe6 fxe6 12. c3 d5 13. Qb3 dxe4 14. Qxe6+ Kh8 15.
dxe4 Qd3 16. Ng3 Rae8 17. Qb3 Rd8 18. Bb2 Nd4 19. Nxd4 exd4 20. Rad1 Qb5 21.
cxd4 c5 22. dxc5 Bxc5 23. Rxd8 Rxd8 24. Bxf6 gxf6 25. Qf3 Bd4 26. Nf5 Be5 27.
Nxh6 Qd7 28. Nf5 Qh7 29. Rd1 Rg8 30. Rd3 Rc8 31. Qd1 Bf4 32. Rd8+ Rxd8 33.
Qxd8+ Qg8 34. Qxf6+ 1-0

[Event "XIX Festival B"]
[Site "Robecchetto con Induno ITA"]
[Date "2008.12.28"]
[Round "2"]
[White "Scappaticci, Gabriele"]
[Black "Petetta, Roberto"]
[Result "0-1"]
[WhiteElo "1449"]
[BlackElo "1656"]
[PlyCount "52"]
[EventDate "2008.12.27"]

1. d4 d5 2. c4 e6 3. Nc3 Nf6 4. Bg5 Nbd7 5. Nf3 c6 6. e3 Be7 7. Bd3 dxc4 8.
Bxc4 Nd5 9. Bxe7 Qxe7 10. O-O Nxc3 11. bxc3 O-O 12. Bd3 Re8 13. Qc2 h6 14. Nd2
c5 15. f4 b6 16. Rf3 Bb7 17. Rg3 Rac8 18. Qd1 Nf6 19. Be2 Red8 20. Bf3 Nd5 21.
Qb3 cxd4 22. c4 dxe3 23. cxd5 exd2 24. dxe6 Rc1+ 25. Kf2 Qc5+ 26. Ke2 Ba6+ 0-1

[Event "XIX Festival B"]
[Site "Robecchetto con Induno ITA"]
[Date "2008.12.28"]
[Round "2"]
[White "Tamassia, Gabriele"]
[Black "Moroni, Luca jr"]
[Result "0-1"]
[WhiteElo "1810"]
[BlackElo "1515"]
[PlyCount "128"]
[EventDate "2008.12.27"]

1. d4 d5 2. Nf3 Nf6 3. Bf4 Bf5 4. e3 e6 5. c3 Bd6 6. Ne5 Bxe5 7. Bxe5 Nbd7 8.
Bf4 O-O 9. h3 Bg6 10. Nd2 Re8 11. Nf3 c6 12. Be2 Be4 13. O-O Bxf3 14. Bxf3 e5
15. Bg5 h6 16. Bh4 exd4 17. exd4 Qb6 18. Rb1 Re6 19. Re1 Rae8 20. Rxe6 Rxe6 21.
Bxf6 Nxf6 22. Bg4 Nxg4 23. Qxg4 Qa6 24. a3 Qe2 25. Qxe2 Rxe2 26. Kf1 Rc2 27. g3
Kf8 28. Kg2 Ke7 29. Kf3 Kf6 30. Ke3 g5 31. Kf3 h5 32. g4 hxg4+ 33. hxg4 Kg6 34.
Ke3 f5 35. gxf5+ Kxf5 36. Kf3 a6 37. a4 a5 38. b4 Rxc3+ 39. Kg2 Rc4 40. bxa5
Rxa4 41. Rxb7 Rxa5 42. Rb4 Ra2 43. Rb3 Ke4 44. Rb4 Rc2 45. Kg3 Rc4 46. Rb2 Kxd4
47. Rb6 Kc3 48. Rb8 Re4 49. Rc8 Re6 50. Kg4 d4 51. Kf5 Re2 52. Rxc6+ Kd2 53. f4
gxf4 54. Kxf4 d3 55. Rd6 Re8 56. Rd7 Ke2 57. Rh7 d2 58. Rh2+ Kd1 59. Rh7 Rd8
60. Ke3 Kc1 61. Rc7+ Kb2 62. Rb7+ Ka3 63. Ra7+ Kb4 64. Rb7+ Ka5 0-1

[Event "XIX Festival B"]
[Site "Robecchetto con Induno ITA"]
[Date "2008.12.28"]
[Round "2"]
[White "Vinciguerra, Riccardo"]
[Black "Poletto, Daniele"]
[Result "1/2-1/2"]
[WhiteElo "1523"]
[BlackElo "1799"]
[PlyCount "54"]
[EventDate "2008.12.27"]

1. d4 Nf6 2. Nf3 g6 3. Nbd2 d5 4. e3 Bg7 5. Bd3 Nbd7 6. O-O O-O 7. c3 c5 8. Re1
cxd4 9. cxd4 b6 10. b3 Bb7 11. Bb2 Rc8 12. Rc1 Rxc1 13. Qxc1 Qc8 14. Ba3 Re8
15. h3 e6 16. Qxc8 Rxc8 17. Rc1 Rxc1+ 18. Bxc1 Bf8 19. Bb2 Bd6 20. Ne5 Kf8 21.
Nb1 a6 22. Nxd7+ Nxd7 23. Ba3 Ke7 24. Kf1 f6 25. Bxd6+ Kxd6 26. Nc3 e5 27. Ke2
Ke6 1/2-1/2

[Event "XIX Festival B"]
[Site "Robecchetto con Induno ITA"]
[Date "2008.12.28"]
[Round "2"]
[White "Vuckovic, Dimitrije"]
[Black "Griffini, Andrea"]
[Result "0-1"]
[WhiteElo "1512"]
[BlackElo "1687"]
[PlyCount "102"]
[EventDate "2008.12.27"]

1. d4 Nf6 2. c4 e5 3. d5 Bc5 4. g3 d6 5. Bg2 Bf5 6. Nc3 Qd7 7. e4 Bg4 8. Nge2
a6 9. h3 Bh5 10. a3 Bg6 11. O-O Qe7 12. Qc2 Nbd7 13. Bd2 O-O 14. Nd1 a5 15. Be3
a4 16. Bxc5 Nxc5 17. f3 Nfd7 18. Ndc3 Nb3 19. Rad1 Ndc5 20. Na2 f5 21. Nac3 Qg5
22. Kh2 Qe3 23. f4 fxe4 24. Nb5 Nd3 25. Nxc7 exf4 26. gxf4 Bh5 27. Ng3 Bxd1 28.
Qxd1 Nd2 29. Nxa8 Nxf1+ 30. Qxf1 Rxf4 31. Qe2 Qxe2 32. Nxe2 Rf2 33. Nc3 Rxb2
34. Kg3 Ne1 35. Bxe4 Rb3 36. Kf2 Rxc3 37. Nb6 Rxa3 38. Nc8 Nd3+ 39. Ke2 Nf4+
40. Kd2 Rxh3 41. Nxd6 b6 42. Bb1 Kf8 43. Nf5 g6 44. Nd4 Ke8 45. d6 a3 46. Nc2
Rd3+ 47. Ke1 Rb3 48. Kd2 Rxb1 49. Nxa3 Rb3 50. Nb5 Rxb5 51. cxb5 Kd7 0-1

[Event "XIX Festival B"]
[Site "Robecchetto con Induno ITA"]
[Date "2008.12.28"]
[Round "3"]
[White "Albrizio, Mauro"]
[Black "Cervini, Gian Piero"]
[Result "1-0"]
[WhiteElo "1644"]
[BlackElo "1768"]
[PlyCount "87"]
[EventDate "2008.12.27"]

1. e4 g6 2. d4 Bg7 3. Nf3 d6 4. Be2 Nf6 5. Nc3 O-O 6. O-O c6 7. Bc4 d5 8. Bd3
dxe4 9. Nxe4 Nbd7 10. c3 Nxe4 11. Bxe4 Nf6 12. Bc2 Qc7 13. Ne5 Be6 14. Re1 Rad8
15. Qe2 b5 16. Bg5 c5 17. dxc5 Qxc5 18. Nf3 Rd6 19. Be3 Qh5 20. Bd4 Re8 21. Qe5
Bf5 22. Bxf5 Rd5 23. Bxg6 Qxg6 24. Qc7 Rd7 25. Qc6 Red8 26. Ne5 Qf5 27. Nxd7
Rxd7 28. Bxf6 Bxf6 29. Qc8+ Kg7 30. Qc6 Rd2 31. Qf3 Qc5 32. Re2 Rd5 33. Rae1
Rf5 34. Qe3 Qc7 35. Qg3+ Qxg3 36. hxg3 h5 37. Rd1 a5 38. Red2 b4 39. c4 Rc5 40.
b3 a4 41. Rd5 axb3 42. axb3 Rc7 43. Rd7 Rc8 44. Rb7 1-0

[Event "XIX Festival B"]
[Site "Robecchetto con Induno ITA"]
[Date "2008.12.28"]
[Round "3"]
[White "Bencivenga, Antonio"]
[Black "Tamassia, Gabriele"]
[Result "0-1"]
[WhiteElo "1407"]
[BlackElo "1810"]
[PlyCount "82"]
[EventDate "2008.12.27"]

1. c4 Nf6 2. Nc3 g6 3. d4 Bg7 4. Bf4 d6 5. Nf3 O-O 6. e4 Nh5 7. Be3 e5 8. Be2
Nf4 9. O-O Nxe2+ 10. Nxe2 Bg4 11. Ng3 Nd7 12. d5 f5 13. Bg5 Qe8 14. h3 fxe4 15.
Nxe4 Bxf3 16. gxf3 h6 17. Bh4 Qf7 18. Kg2 g5 19. Bg3 Nf6 20. Nxf6+ Qxf6 21. Re1
h5 22. Re4 Rf7 23. Rc1 b6 24. a4 Raf8 25. Rc3 Qg6 26. Qe2 h4 27. Bxh4 gxh4+ 28.
Rg4 Qh7 29. b4 Rf4 30. Rxf4 Rxf4 31. c5 Qg6+ 32. Kf1 Qb1+ 33. Qe1 Qxb4 34. cxd6
Qxd6 35. Qc1 Rf7 36. Qg5 Qxd5 37. Re3 c5 38. Rxe5 Qxe5 39. Qd8+ Rf8 40. Qxh4
Qf5 41. Qc4+ Qf7 0-1

[Event "XIX Festival B"]
[Site "Robecchetto con Induno ITA"]
[Date "2008.12.28"]
[Round "3"]
[White "Brunetti, Alessandro"]
[Black "Megassini, Stefano"]
[Result "1-0"]
[WhiteElo "1940"]
[BlackElo "1557"]
[PlyCount "73"]
[EventDate "2008.12.27"]

1. d4 Nf6 2. c4 e6 3. Nf3 b6 4. g3 Bb7 5. Bg2 c5 6. O-O cxd4 7. Qxd4 Bc5 8. Qc3
O-O 9. Nbd2 Nc6 10. b3 d5 11. Bb2 Bb4 12. Qc2 Rc8 13. Rad1 Qe7 14. Qb1 Rfd8 15.
Ng5 g6 16. Qa1 Ne8 17. cxd5 Rxd5 18. Bxd5 Qxg5 19. Nf3 Qf5 20. Bxc6 Bxc6 21.
Nd4 Qd5 22. Nxc6 Qxc6 23. Rc1 Qb7 24. Rxc8 Qxc8 25. Qc1 Qa6 26. a3 Bf8 27. e3
h5 28. Rd1 h4 29. gxh4 Qe2 30. Be5 Bxa3 31. Qd2 Qg4+ 32. Bg3 Bb4 33. Qd4 Nf6
34. Qxg4 Nxg4 35. Rd4 Nxe3 36. fxe3 Bc5 37. Rd3 1-0

[Event "XIX Festival B"]
[Site "Robecchetto con Induno ITA"]
[Date "2008.12.28"]
[Round "3"]
[White "Clerici, Samuele"]
[Black "Zito, Riccardo"]
[Result "1-0"]
[WhiteElo "1728"]
[BlackElo "1575"]
[PlyCount "43"]
[EventDate "2008.12.27"]

1. Nf3 Nf6 2. g3 g6 3. Bg2 Bg7 4. O-O O-O 5. d3 Nc6 6. c4 e5 7. Nc3 d5 8. cxd5
Nxd5 9. Nxe5 Nxc3 10. Nxc6 Nxd1 11. Nxd8 Nxf2 12. Nxf7 Nxd3 13. exd3 Bd4+ 14.
Kh1 Be6 15. Ng5 Rxf1+ 16. Bxf1 Rf8 17. Bf4 Bf5 18. Rb1 c5 19. Nf3 Bg7 20. b3 b5
21. Rc1 Rc8 22. Be3 1-0

[Event "XIX Festival B"]
[Site "Robecchetto con Induno ITA"]
[Date "2008.12.28"]
[Round "3"]
[White "Corti, Filippo"]
[Black "Rossi, Giampiero"]
[Result "0-1"]
[WhiteElo "1706"]
[BlackElo "1984"]
[PlyCount "114"]
[EventDate "2008.12.27"]

1. Nf3 d5 2. g3 c6 3. Bg2 Nf6 4. d3 Nbd7 5. O-O e6 6. Nbd2 Be7 7. b3 O-O 8. Bb2
b6 9. c4 Bb7 10. Rc1 Rc8 11. Rc2 Qc7 12. Qa1 Qb8 13. Rfc1 Rfd8 14. Ne5 Nf8 15.
Ndf3 Ne8 16. cxd5 cxd5 17. Nc6 Bxc6 18. Rxc6 Qb7 19. Rxc8 Rxc8 20. Rxc8 Qxc8
21. Qc1 Qxc1+ 22. Bxc1 Bf6 23. d4 Nd7 24. Ba3 Nc7 25. e3 Nb5 26. Bb2 Be7 27.
Bf1 Nc7 28. Bd3 f6 29. h4 g6 30. Kg2 Kg7 31. Kh3 Bd6 32. g4 Kf7 33. Bc3 e5 34.
dxe5 fxe5 35. Be2 h6 36. a4 a5 37. Kg2 Ke6 38. h5 gxh5 39. gxh5 Nf6 40. Nh4
Nce8 41. f4 Ng7 42. Ng6 exf4 43. Bxf6 Kxf6 44. exf4 Ne6 45. Kg3 d4 46. Nh4 Nxf4
47. Bc4 Nxh5+ 48. Kg4 Ng7 49. Nf3 h5+ 50. Kh3 Be5 51. Kh4 Kf5 52. Bd3+ Kf4 53.
Nh2 Bf6+ 54. Kh3 Ke3 55. Bb5 d3 56. Nf1+ Kd4 57. Nd2 Be7 0-1

[Event "XIX Festival B"]
[Site "Robecchetto con Induno ITA"]
[Date "2008.12.28"]
[Round "3"]
[White "Folcini, Gaddo"]
[Black "Rigotti, Gianluigi"]
[Result "0-1"]
[WhiteElo "1523"]
[BlackElo "1595"]
[PlyCount "86"]
[EventDate "2008.12.27"]

1. d4 Nf6 2. e4 e6 3. e5 Nd5 4. Qg4 h6 5. Bd3 Nb4 6. Nf3 Nxd3+ 7. cxd3 d5 8.
O-O Nd7 9. Nc3 b6 10. Ne2 Ba6 11. Nf4 Qe7 12. Ne1 c5 13. Qd1 cxd4 14. Qa4 Bc8
15. Bd2 Kd8 16. Nf3 Nc5 17. Qxd4 g5 18. Nxd5 Qd7 19. Qe3 Qxd5 20. d4 Ne4 21.
Be1 g4 22. Nh4 Ba6 23. f3 Qc4 24. Ba5 gxf3 25. Qxe4 Qd5 26. Qf4 Bxf1 27. Qf6+
Ke8 28. Rxf1 Qxd4+ 29. Kh1 fxg2+ 30. Nxg2 Rh7 31. Bc3 Qd5 32. Qh4 Bc5 33. Qa4+
Kf8 34. Rd1 Qf3 35. Bb4 Rg7 36. Bxc5+ bxc5 37. Rg1 Rd8 38. Qxa7 Qd5 39. Qa3 Ra8
40. Qe3 Rg6 41. h4 Ke7 42. h5 Rg5 43. Qf2 Rxh5+ 0-1

[Event "XIX Festival B"]
[Site "Robecchetto con Induno ITA"]
[Date "2008.12.28"]
[Round "3"]
[White "Foroni, Francesco"]
[Black "Alberio, Silvio"]
[Result "1-0"]
[WhiteElo "1873"]
[BlackElo "1720"]
[PlyCount "85"]
[EventDate "2008.12.27"]

1. Nf3 Nf6 2. d4 g6 3. Nbd2 Bg7 4. e4 d5 5. Bd3 O-O 6. c3 b6 7. Qe2 Bb7 8. O-O
e6 9. Re1 Qc8 10. exd5 Nxd5 11. Nf1 Nd7 12. Bd2 c5 13. Rad1 cxd4 14. Nxd4 Nc5
15. Bb1 Ba6 16. Qf3 Na4 17. Bc1 Naxc3 18. bxc3 Nxc3 19. Be4 Bxd4 20. Rxd4 Ne2+
21. Rxe2 Bxe2 22. Qxe2 Qxc1 23. Bxa8 Rxa8 24. Qf3 Rc8 25. Rd7 Rf8 26. Rxa7 Qc5
27. g3 b5 28. Ra8 Qc4 29. Rxf8+ Kxf8 30. Qa3+ b4 31. Qb3 Qc5 32. h4 Kg7 33. Ne3
Qc1+ 34. Kg2 Qc6+ 35. Kh2 Qc5 36. Qb2+ e5 37. Qc2 Qd4 38. Qc4 Qb2 39. Kg2 h5
40. Nd5 e4 41. Qxb4 Qxa2 42. Qd4+ Kf8 43. Qh8# 1-0

[Event "XIX Festival B"]
[Site "Robecchetto con Induno ITA"]
[Date "2008.12.28"]
[Round "3"]
[White "Gonella, Daniele"]
[Black "Angalone, Ruggero"]
[Result "1-0"]
[WhiteElo "1736"]
[BlackElo "1443"]
[PlyCount "61"]
[EventDate "2008.12.27"]

1. e4 e5 2. Nf3 Nf6 3. d4 d6 4. dxe5 dxe5 5. Qxd8+ Kxd8 6. Nxe5 Ke8 7. Bc4 Be6
8. Bxe6 fxe6 9. f3 Bd6 10. Nd3 Nc6 11. Be3 Nb4 12. Nxb4 Bxb4+ 13. c3 Ba5 14. b4
Bb6 15. Bxb6 axb6 16. a4 Ke7 17. Nd2 b5 18. a5 b6 19. Ke2 bxa5 20. Rxa5 c6 21.
Rha1 Rxa5 22. Rxa5 Kd6 23. c4 Rb8 24. c5+ Ke5 25. Ke3 g5 26. g3 Nh5 27. f4+
gxf4+ 28. gxf4+ Nxf4 29. Nf3+ Kf6 30. Kxf4 e5+ 31. Nxe5 1-0

[Event "XIX Festival B"]
[Site "Robecchetto con Induno ITA"]
[Date "2008.12.28"]
[Round "3"]
[White "Griffini, Andrea"]
[Black "Ragoso, Mario"]
[Result "1-0"]
[WhiteElo "1687"]
[BlackElo "1845"]
[PlyCount "33"]
[EventDate "2008.12.27"]

1. e4 e5 2. Nf3 Nc6 3. Bc4 Nf6 4. Ng5 d5 5. exd5 Na5 6. Bb5+ c6 7. dxc6 bxc6 8.
Qf3 Bb7 9. Ba4 Bd6 10. Nc3 O-O 11. d3 c5 12. Nce4 Nxe4 13. dxe4 h6 14. h4 hxg5
15. hxg5 Bc8 16. Qh5 f6 17. g6 1-0

[Event "XIX Festival B"]
[Site "Robecchetto con Induno ITA"]
[Date "2008.12.28"]
[Round "3"]
[White "Longo, Giovanni"]
[Black "Puricelli, Giancarlo"]
[Result "1/2-1/2"]
[WhiteElo "1670"]
[BlackElo "1607"]
[PlyCount "40"]
[EventDate "2008.12.27"]

1. e4 e5 2. Nf3 d6 3. d4 Bg4 4. dxe5 Bxf3 5. Qxf3 dxe5 6. Bc4 Nf6 7. Bg5 Be7 8.
O-O O-O 9. Nc3 Nc6 10. Bxf6 Nd4 11. Qd3 Bxf6 12. Nd5 c6 13. Nxf6+ Qxf6 14. c3
Ne6 15. Bxe6 Qxe6 16. Rfd1 Qf6 17. Qd6 Qf4 18. Qd3 h5 19. g3 Qg5 20. Qd2 Qf6
1/2-1/2

[Event "XIX Festival B"]
[Site "Robecchetto con Induno ITA"]
[Date "2008.12.28"]
[Round "3"]
[White "Macchiettini, Pierangelo"]
[Black "Panades, Ignazio"]
[Result "1/2-1/2"]
[WhiteElo "1706"]
[BlackElo "1584"]
[PlyCount "77"]
[EventDate "2008.12.27"]

1. d4 d5 2. Nf3 Nf6 3. c4 e6 4. a3 c6 5. c5 b6 6. cxb6 axb6 7. e3 Bd6 8. Bd3
Nbd7 9. O-O O-O 10. Nc3 e5 11. e4 dxe4 12. Nxe4 Nxe4 13. Bxe4 exd4 14. Bxc6 Rb8
15. Qxd4 Bc5 16. Qd1 Qc7 17. Qa4 Nf6 18. b4 Bd6 19. Bg5 Ng4 20. h3 Ne5 21. Nxe5
Bxe5 22. Qc2 b5 23. Rac1 Qd6 24. Rfd1 Qc7 25. Be4 Qxc2 26. Rxc2 Be6 27. Bd5
Bxd5 28. Rxd5 f6 29. Bc1 Rfd8 30. Rxd8+ Rxd8 31. g3 Rd3 32. Kg2 Rc3 33. Rxc3
Bxc3 34. Kf3 Kf7 35. Ke4 g6 36. g4 Ke6 37. Kd3 Be1 38. Bb2 f5 39. Bd4 1/2-1/2

[Event "XIX Festival B"]
[Site "Robecchetto con Induno ITA"]
[Date "2008.12.28"]
[Round "3"]
[White "Madaschi, Sergio"]
[Black "Loaldi, Davide"]
[Result "1-0"]
[WhiteElo "1619"]
[BlackElo "1434"]
[PlyCount "63"]
[EventDate "2008.12.27"]

1. e4 e6 2. d3 d5 3. Nd2 d4 4. Ngf3 Nc6 5. g3 e5 6. Bg2 Bg4 7. h3 Bxf3 8. Nxf3
Nf6 9. O-O Qd7 10. a3 a5 11. Bd2 Bc5 12. Ne1 O-O 13. f4 Bd6 14. f5 b5 15. g4
Nd8 16. g5 Ne8 17. h4 f6 18. Nf3 fxg5 19. hxg5 g6 20. Nh4 a4 21. Qg4 Ra6 22.
Qg3 Ng7 23. fxg6 Rxf1+ 24. Rxf1 hxg6 25. Nxg6 Bc5 26. Nxe5 Qe8 27. Ng4 Nh5 28.
Nf6+ Nxf6 29. gxf6+ Kf7 30. Qg7+ Ke6 31. Bh3+ Kd6 32. Bf4+ 1-0

[Event "XIX Festival B"]
[Site "Robecchetto con Induno ITA"]
[Date "2008.12.28"]
[Round "3"]
[White "Mondini, Francesco"]
[Black "Vuckovic, Dimitrije"]
[Result "1-0"]
[WhiteElo "1556"]
[BlackElo "1512"]
[PlyCount "83"]
[EventDate "2008.12.27"]

1. e4 c5 2. Nf3 d6 3. c3 Nf6 4. d3 Nc6 5. Be2 a6 6. O-O b5 7. Bg5 e6 8. d4 cxd4
9. cxd4 Be7 10. Qc2 Nb4 11. Qb3 Nc6 12. Nbd2 Bb7 13. Rac1 O-O 14. Bd3 Na5 15.
Qd1 Qd7 16. Qe2 Rac8 17. b4 Nc6 18. a3 h6 19. Bh4 Rfe8 20. e5 Nd5 21. Bxe7 Qxe7
22. Ne4 dxe5 23. dxe5 Nf4 24. Qe3 Nd5 25. Qd2 Rc7 26. Rc5 Na7 27. Rfc1 Rxc5 28.
Rxc5 Rc8 29. Qc1 f6 30. Nd6 Rc7 31. Nxb7 Rxb7 32. exf6 Nxf6 33. Ne5 Qd6 34.
Rc8+ Nxc8 35. Qxc8+ Qf8 36. Qxb7 Nh7 37. Bxh7+ Kxh7 38. Qxa6 Qf4 39. Qxb5 Qc1+
40. Qf1 Qc3 41. Qd3+ Qxd3 42. Nxd3 1-0

[Event "XIX Festival B"]
[Site "Robecchetto con Induno ITA"]
[Date "2008.12.28"]
[Round "3"]
[White "Moroni, Luca jr"]
[Black "Barrera, Pietro"]
[Result "0-1"]
[WhiteElo "1515"]
[BlackElo "1866"]
[PlyCount "98"]
[EventDate "2008.12.27"]

1. e4 c5 2. Nf3 Nc6 3. d4 cxd4 4. Nxd4 Nf6 5. Nc3 g6 6. Be3 Bg7 7. Bc4 O-O 8.
O-O d6 9. h3 Bd7 10. Re1 Rc8 11. Bb3 a6 12. Qd2 Re8 13. Rad1 Qc7 14. Nd5 Nxd5
15. exd5 Ne5 16. c3 b5 17. Bf4 a5 18. Bxe5 Bxe5 19. Nf3 Bg7 20. Re2 a4 21. Bc2
b4 22. cxb4 Bxb2 23. Rb1 Bc3 24. Qd1 Bb5 25. Bd3 Qb7 26. Rc2 Bf6 27. Bf1 Rxc2
28. Bxb5 Qxb5 29. Qxc2 Qxd5 30. Qxa4 Ra8 31. Qb3 Qxb3 32. Rxb3 Rxa2 33. b5 Ra8
34. b6 Rb8 35. b7 e6 36. Nd2 d5 37. Nb1 Kf8 38. h4 h5 39. f3 Ke7 40. g4 hxg4
41. fxg4 Bxh4 42. Nc3 Kd7 43. Na4 Be7 44. Nb6+ Kd8 45. Rc3 Bd6 46. Rc6 Bc7 47.
Na8 Rxb7 48. Nxc7 Rxc7 49. Ra6 Rc4 0-1

[Event "XIX Festival B"]
[Site "Robecchetto con Induno ITA"]
[Date "2008.12.28"]
[Round "3"]
[White "Petetta, Roberto"]
[Black "Recanatini, Italo"]
[Result "0-1"]
[WhiteElo "1656"]
[BlackElo "1897"]
[PlyCount "82"]
[EventDate "2008.12.27"]

1. e4 d5 2. exd5 Qxd5 3. f4 Nf6 4. Nc3 Qa5 5. Nf3 Bg4 6. Be2 Bxf3 7. Bxf3 c6 8.
O-O e6 9. d3 Bd6 10. Bd2 Qc7 11. Ne4 Nxe4 12. Bxe4 Bc5+ 13. Kh1 Bd4 14. Rb1 Nd7
15. Qe1 O-O 16. Bxh7+ Kxh7 17. Qe4+ Kg8 18. Qxd4 c5 19. Qe3 Nf6 20. a3 Rfd8 21.
Qg3 Ne4 22. Qe3 Nxd2 23. Qxd2 c4 24. d4 Rd5 25. c3 Rad8 26. Qe2 g6 27. Rbe1 b5
28. Qg4 Rf5 29. Re5 Rd5 30. Rfe1 a5 31. Rxd5 Rxd5 32. Re5 b4 33. Rxd5 exd5 34.
axb4 axb4 35. Qf3 Qa5 36. g3 Qa1+ 37. Kg2 Qxb2+ 38. Kf1 bxc3 39. Qe2 c2 40.
Qe8+ Kg7 41. Qe5+ Kh7 0-1

[Event "XIX Festival B"]
[Site "Robecchetto con Induno ITA"]
[Date "2008.12.28"]
[Round "3"]
[White "Poletto, Daniele"]
[Black "Primerano, Carlo"]
[Result "1-0"]
[WhiteElo "1799"]
[BlackElo "1725"]
[PlyCount "93"]
[EventDate "2008.12.27"]

1. c4 f5 2. Nc3 Nf6 3. g3 g6 4. Bg2 Bg7 5. d3 c6 6. e3 d6 7. Nge2 e5 8. O-O O-O
9. Rb1 a5 10. a3 Bd7 11. b4 axb4 12. axb4 Be6 13. b5 d5 14. cxd5 cxd5 15. b6
Nbd7 16. Na4 Ra6 17. Ba3 Re8 18. Bd6 Nxb6 19. Nxb6 Qxd6 20. Na4 Rc8 21. Nec3
Bd7 22. Rxb7 Rca8 23. Rxd7 Qxd7 24. Nc5 Qc6 25. Nxa6 Rxa6 26. Qb3 e4 27. dxe4
fxe4 28. Nxe4 Rb6 29. Nxf6+ Qxf6 30. Qxd5+ Kh8 31. Rd1 Bf8 32. Qd4 Qxd4 33.
Rxd4 Rb1+ 34. Bf1 Kg7 35. Kg2 Bc5 36. Rc4 Bb6 37. Rc2 Kf6 38. Bd3 Rb4 39. h4
Rb3 40. Bc4 Rb4 41. Be2 Ke5 42. Kf3 h6 43. Rc6 g5 44. Rxh6 g4+ 45. Kg2 Rb2 46.
Bxg4 Bxe3 47. Re6+ 1-0